| 000 | 00855nam a2200265 a 4500 | ||
|---|---|---|---|
| 001 | 000107663 | ||
| 003 | CHAP | ||
| 005 | 20220329143938.0 | ||
| 008 | 131003s2011 mx |rm |0|||||spa d | ||
| 010 | _a104125 | ||
| 011 | _a105097 | ||
| 040 | _cCHAP | ||
| 090 | _aTesis | ||
| 100 | 1 |
_aGuerrero Mantilla, Juan Norberto _9124397 |
|
| 245 | 1 | 0 |
_aFactibilidad de una inversión en la producción de jitomate en bioespacio en Tixtla de Guerrero / _cpor Juan Norberto Guerrero Mantilla. |
| 260 |
_aCocula, Gro. : _bEl autor, _c2011. |
||
| 300 | _a97 h. | ||
| 502 | _aTesis (Ing. Agrónomo Fitotecnista) -- Colegio Superior Agropecuario del Estado de Guerrero | ||
| 590 |
_aE11695DGD _b10 _c20131003 _lUCH01 _h1207 |
||
| 650 | 1 | 4 |
_aTomate _xGuerrero. _9113730 |
| 650 | 1 | 4 |
_aTomate _xRendimiento. _9113761 |
| 901 | _aBK | ||
| 942 | _cTESIS | ||
| 942 | _n0 | ||
| 999 |
_c104125 _d104125 |
||